01020nam a2200241 a 450000100100000000500170001000800410002704000250006808200190009311000310011224000180014324501250016124600940028626000360038030000200041665000600043665000600049665100460055691000330060204900090063595201170064499900170076100003621620200930074950.0120111s2004 dr 000 0 spa d aDO-SdBNPbspacBNPHU a346.064bR426a1 aRepublica Dominicana.944710a[Leyes, etc.]10aAnte-proyecto de ley para la regulación y fomento de las asociaciones sin fines de lucro en la República Dominicana.14aUm marco legal para la solidaridad: por una Ley de Asociaciones sin Fines de Lucro (ASFL) aSanto Domingo :b[s.n.],c2004. a53 p. ;c22 cm. 4aOrganizaciones sin animo de lucroxLegislación957236 4aOrganizaciones no-gubernamentalesxLegislación957237 4aRepública DominicanaxLey 122-05957238 aValidado. Control de calidad aBNPD 0010718PDaPDbPDcHDd2012-01-11iLF1l0o346.064 R426ap36216-10r2020-06-25w2020-06-25yLFPDZNo se presta c35707d35707